Online Catalogue and eLibrary

Behaviour Modification Among Commercial Sex Workers of Sri Lanka (Record no. 5944)

MARC details
000 -LEADER
fixed length control field 00430nam a22001577a 4500
005 - DATE AND TIME OF LATEST TRANSACTION
control field 20241219003927.0
008 - FIXED-LENGTH DATA ELEMENTS--GENERAL INFORMATION
fixed length control field 241219b |||||||| |||| 00| 0 eng d
020 ## - INTERNATIONAL STANDARD BOOK NUMBER
ISBN 9559564218
082 ## - DDC Classification
DDC Edition Number 6947
Class No. 305
Item Number - Author Mark NAN
100 ## - MAIN ENTRY--PERSONAL NAME
Personal name Ratnapala, N
245 ## - TITLE STATEMENT
Title Behaviour Modification Among Commercial Sex Workers of Sri Lanka
260 ## - PUBLICATION, DISTRIBUTION, ETC.
Place of publication, distribution, etc. Nugegoda
Name of publisher, distributor, etc. Nandasena Ratnapala
Date of publication, distribution, etc. 1995
300 ## - PHYSICAL DESCRIPTION
Extent (e.g. Volumes, Pages etc.) xxii, 103 p.,
650 ## - SUBJECT ADDED ENTRY--TOPICAL TERM
Topical term or geographic name entry element Sex Worker
942 ## - Koha item type (Biblio)
Koha item type Books in Stacks (Lending)
Holdings
Lost status Damaged status Collection code Home library Current library Date acquired Full call number Accession Number Item type
    Lending WERC Library WERC Library 12/19/2024 305 NAN 6947 Books in Stacks (Lending)

© WERC Library